|
|
|
|
| LEADER |
02335nam a2200601 i 4500 |
| 001 |
nkc20183010130 |
| 003 |
CZ PrNK |
| 005 |
20181106085437.0 |
| 007 |
ta |
| 008 |
180905s2018 xr a e p 000 0 cze |
| 015 |
|
|
|a cnb003010130
|
| 020 |
|
|
|a 978-80-246-3687-0
|q (brožováno)
|
| 035 |
|
|
|a (OCoLC)1056248045
|
| 040 |
|
|
|a ABA001
|b cze
|e rda
|
| 072 |
|
7 |
|a 811.162.3
|x Čeština
|2 Konspekt
|9 11
|
| 072 |
|
7 |
|a 37.016
|x Učební osnovy. Vyučovací předměty. Učebnice
|2 Konspekt
|9 22
|
| 080 |
|
|
|a 811.162.3'243
|2 MRF
|
| 080 |
|
|
|a 398.9
|2 MRF
|
| 080 |
|
|
|a (07)
|2 MRF
|
| 080 |
|
|
|a (076.1)
|2 MRF
|
| 080 |
|
|
|a (07.062)81
|2 MRF
|
| 080 |
|
|
|a (07.063)81
|2 MRF
|
| 100 |
1 |
|
|a Vonková, Milena,
|d 1956-
|7 jn20001005112
|4 aut
|
| 245 |
1 |
0 |
|a Česky s humorem :
|b česká rčení, přísloví a pranostiky /
|c Milena Vonková
|
| 250 |
|
|
|a Vydání první
|
| 264 |
|
1 |
|a Praha :
|b Univerzita Karlova, nakladatelství Karolinum,
|c 2018
|
| 300 |
|
|
|a 85 stran :
|b ilustrace ;
|c 30 cm
|
| 336 |
|
|
|a text
|b txt
|2 rdacontent
|
| 336 |
|
|
|a statický obraz
|b sti
|2 rdacontent
|
| 337 |
|
|
|a bez média
|b n
|2 rdamedia
|
| 338 |
|
|
|a svazek
|b nc
|2 rdacarrier
|
| 650 |
0 |
7 |
|a čeština jako cizí jazyk
|7 ph940782
|2 czenas
|
| 650 |
0 |
7 |
|a přísloví a rčení
|7 ph124944
|2 czenas
|
| 650 |
0 |
7 |
|a pranostiky
|7 ph124550
|2 czenas
|
| 650 |
0 |
9 |
|a Czech as a foreign language
|2 eczenas
|
| 650 |
0 |
9 |
|a proverbs
|2 eczenas
|
| 650 |
0 |
9 |
|a weather lore
|2 eczenas
|
| 653 |
0 |
|
|a jazyková úroveň A1
|a jazyková úroveň A2
|a jazyková úroveň B1
|a jazyková úroveň B2
|
| 655 |
|
7 |
|a učební texty
|7 fd133599
|2 czenas
|
| 655 |
|
7 |
|a pracovní listy
|7 fd250497
|2 czenas
|
| 655 |
|
7 |
|a jazykové učebnice, texty, příručky (A)
|7 fd600889
|2 czenas
|
| 655 |
|
7 |
|a jazykové učebnice, texty, příručky (B)
|7 fd600891
|2 czenas
|
| 655 |
|
9 |
|a educational texts
|2 eczenas
|
| 655 |
|
9 |
|a activity pages
|2 eczenas
|
| 655 |
|
9 |
|a language textbooks, texts, handbooks (A)
|2 eczenas
|
| 655 |
|
9 |
|a language textbooks, texts, handbooks (B)
|2 eczenas
|
| 910 |
2 |
|
|a BOA001
|b 4-1412.459
|
| 928 |
9 |
|
|a Karolinum
|
| 990 |
|
|
|a BK
|
| 995 |
|
|
|a 01
|
| 991 |
|
|
|b 201809
|c NOV
|
| 996 |
6 |
|
|b 2610754341
|c 4-1412.459
|l MZK
|r Sklad / do 1 hodiny
|n 2
|p p.v.
|w 001685242
|u 000010
|a 1
|e BOA001
|j MZK50
|s P
|
| 996 |
7 |
|
|b 2610756332
|c 4-1412.459
|l MZK
|r Sklad / do 1 hodiny
|n 6
|p kup
|w 001685242
|u 000020
|a 1
|e BOA001
|j MZK50
|s A
|